00527nam a2200205 a 4500001001300000003000900013005001700022008004100039020001000080082001700090100002000107245002300127260004800150300000800198500003500206505001000241650001500251650003500266700002000301nice12345678IN_TiNIC20260116011827.0050524s1911 lona grp 000 0 eng  ac10000a297.455bMAL aMalcolm, Napier aChildren of Persia aLondonbOliphant Anderson and Ferrierc1911 a96p aincludes index and biblioraphy2 aindex aIslam-Iran aPolemics-Christianity Vs islam1 aMalcolm, Napier